00829nam a2200229 a 4500008004100000020003000041040001500071245013200086250002000218260004500238300005300283336002600336337002800362338002700390500002000417504004100437650003100478650002500509700004700534003000100581005001700582  a9780323389679 (paperback) aNUSTcNUST10aVarcarolis' foundations of psychiatric-mental health nursing :ba clinical approach/cedited by Margaret (Peggy) Jordan Halter. aEighth edition. aSt. Louis, Missouri :bElsevier, c2018. axiv, 665 pages :bcolour illustrations ;c28 cm. atextbtxt2rdacontent aunmediatedbn2rdamedia avolumebnc2rdacarrier aIncludes index. aIncludes bibliographical references. 1aMental Disordersxnursing. aPsychiatric Nursing. aHalter, Margaret (Peggy) Jordan.,aeditor.20230120204354.0